000 00943 a2200241 4500
003 OSt
005 20180116192347.0
008 120531t xxu||||| |||| 00| 0 eng d
010 _a 2008043112
020 _a9781933330679
035 _a(DNAL)1013586
040 _c0
082 0 0 _a712.0952
100 1 _aKeane, Marc P.
_92867
245 1 4 _aThe Japanese tea garden /
_cMarc Peter Keane.
260 _aBerkeley, CA :
_bStone Bridge Press,
_cc2009.
300 _a284 p. :
_bill. ;
505 0 _a1 . A brief history of tea -- 2. Cultural background -- 3. Muromachi society -- 4. Early development of the roji -- 5. From roji to chaniwa: tea gardens in the Edo -- 6. Extant tea gardens and gardens influenced by tea -- 7. Parts of a tea garden.
650 1 0 _aJapanese tea gardens.
_92868
650 1 0 _aJapanese tea gardens
_92869
942 _aSADA
_cBK
_k712.0952 KEA 2009
_2ddc
999 _c352802
_d352802